The Irish country house /

Bibliographic Details
Main Author: Glin, Desmond FitzGerald, Knight of, 1937-2011
Other Authors: Peill, James, Fennell, James
Format: Book
Language:English
Published: New York : Vendome Press, 2010.
Subjects:

MARC

Tag First Indicator Second Indicator Subfields
LEADER 00000cam a2200000 a 4500
001 in00002652467
005 20151202113150.0
008 090909s2010 nyua b 000 0 eng
010 |a  2009037089 
020 |a 9780865652613 
020 |a 0865652619 
035 |a (OCoLC)ocn436387203 
040 |a DLC  |c DLC  |d UtOrBLW 
043 |a e-ie--- 
049 |a TXAM 
050 0 0 |a NA7337  |b .K58 2010 
082 0 0 |a 728.809415  |2 22 
100 1 |a Glin, Desmond FitzGerald,  |c Knight of,  |d 1937-2011. 
245 1 4 |a The Irish country house /  |c by the Knight of Glin and James Peill ; photography by James Fennell. 
264 1 |a New York :  |b Vendome Press,  |c 2010. 
300 |a 185 pages :  |b chiefly color illustrations ;  |c 32 cm. 
336 |a text  |b txt  |2 rdacontent 
337 |a unmediated  |b n  |2 rdamedia 
338 |a volume  |b nc  |2 rdacarrier 
504 |a Includes bibliographical references. 
505 0 |a Introduction -- Birr Castle, Co. Offaly -- Huntington Castle, Co. Carlow -- Burtown House, Co. Kildare -- Killruddery, Co. Wicklow -- Tarbert House, Co. Kerry -- Glin Castle, Co. Limerick -- Lisnavagh, Co. Carlow -- Killadoon, Co. Kildare -- Tullynally, Co. Westmeath -- Clandeboye, Co. Down -- Bibliography -- Acknowledgments. 
650 0 |a Architecture, Domestic  |z Ireland. 
650 0 |a Country homes  |z Ireland. 
700 1 |a Peill, James. 
700 1 |a Fennell, James. 
945 |a PromptCat  |b 160684 
946 |a stk 
947 |a A14840569601 
948 |a cataloged  |b h  |c 2011/1/21  |d c  |e dmitchel  |f 11:50:30 am 
994 |a 92  |b TXA 
999 |a MARS 
999 f f |s baed10ec-592a-3d51-b2c9-ba3a37cd7054  |i c99d95de-dada-3d5d-8cfd-e81fd52dad32  |t 0 
952 f f |p ric  |a Texas A&M University  |b Rellis Campus  |c Joint Library Facility  |d Remote Storage  |t 0  |e NA7337 .K58 2010  |f Oversize  |h Library of Congress classification  |i unmediated -- volume  |m A14840569601 
998 f f |a NA7337 .K58 2010  |t 0  |l Remote Storage